00654nam a22001577a 4500003000400000005001700004008004100021082001500062100001900077245003300096260004700129300003300176490002500209520018600234650007600420OSt20260407122953.0260407b |||||||| |||| 00| 0 SPA d 22298024157 aBABEL IDIOMAS  aINGLES AMERICANO PARA TODOS  aJESUS MARIA - PERU bBABEL IDIOMAS c2000 a318 PAG cLIBRO DE BOLSILLO  3HOJA RUSTICA BLANDA  aAprende el inglés americano de una forma rápida , sencilla y eficaz , con el método cotidiano Metodo que expresa las circunstancias reales de la vida diaria en los EE.UU.  aINGLES AMERICANO PARA TODOS vLUGARES TEMATICOS xPRONUNCIACION FLUIDA